000 00830nam a2200241Ia 4500
003 OSt
005 20220926002829.0
006 a|||||r|||| 00| 0
007 ta
008 220923b |||||||| |||| 00| 0 eng d
020 _a9788125042020
_c590.75
037 _bDU23, 15/03/2011, INDEPENDENT PUBLISHERS GROUP
_cGeneral Book
040 _aRTL
_cRTL
_beng
041 _2eng
_aeng
082 _aU218.29G.N, Q1
100 _aSUTTON Deborah
_9306516
245 0 _aOther landscapes
_b Colonialism and the predicament of authority in nineteenth-century South India
260 _a New Delhi
_bOrient Blackswan
_c2009
300 _axvi, 239p
_ccm.
650 _aSociology
942 _hU218.29G.N, Q1
_cGB
_2CC
999 _c606126
_d606126